Normal view
MARC view
- Universidad Pedagógica Nacional (México)
Entry Nombre Corporativo
Number of records used in: 177
001 - NÚMERO DE CONTROL
- campo de control: 7916
003 - IDENTIFICADOR DE NUMERO DE CONTROL
- campo de control: UPN
005 - FECHA Y HORA DE LA ÜLTIMA TRANSACCIÓN
- campo de control: 20231109105231.0
008 - DATOS DE LONGITUD FIJA
- campo de control de longitud fija: 220921nn fcnnnbabb f| ana |d
035 ## - NÚMERO DE CONTROL
- Número de control: UPN10000007921
040 ## - FUENTE DE CATALOGACIÓN
- Agencia original de catalogación: MX-MxUPN
- Lenguaje de catalogación: spa
110 2# - ENCABEZAMIENTO - NOMBRE CORPORATIVO
- Nombre corporativo o de jurisdicción como elemento de entrada : Universidad Pedagógica Nacional (México)
- Subdivisión temática general: Planes y programas
670 ## - FUENTE EN LA QUE SE LOCALIZARON DATOS
- Cita de la fuente : E/P
- Información localizada: Universidad Nacional Autónoma de México - Planes y programas
902 ## - CATALOGADOR
- Catalogador: CAA/101004
